000 00195nam a2200109Ia 4500
100 _a#N/A
942 _cBK
654 _avhdl
245 _aVerilog HDL
260 _b#N/A
_c2003
546 _aENGLISH
999 _c25254
_d25254